| 000 | 01342nam a2200205 a 4500 | ||
|---|---|---|---|
| 001 | 000948073 | ||
| 003 | AM-YeHGA | ||
| 005 | 20250617145850.0 | ||
| 008 | 130225s ||| r 000 0 rus d | ||
| 040 | _aAM-YeHGA | ||
| 041 | 0 | _arus | |
| 100 | 1 | _aФигнер, Вера Николаевна | |
| 245 | 1 | 0 |
_aПолное собрание сочинений : _bВ 7 томах / _cВера Фигнер. |
| 250 | _a2-е, пересмотр., доп. и испр. изд. | ||
| 260 |
_aМосква : _bИзд-во Всесоюз. о-ва политкаторжан и ссыльно-поселенцев. |
||
| 300 | _a7 т. | ||
| 505 | 0 | 0 |
_gТ. 1 (1932; 400 с.: [5] л. ил.) : _tЗапечатленный труд (ч. 1); _gТ. 2 (1932; 289 с.: [6] л. ил.) : _tЗапечатленный труд (ч. 2): Когда часы жизни остановились; _gТ. 3 (1932; 480 с.: [5] л. ил.) : _tПосле Шлиссельбурга; _gТ. 4 (1932; 313 с.: [5] л. ил.) : _tШлиссельбургские узники. Стихотворения; _gТ. 5 (1932; 502 с.: [5] л. ил.) : _tОчерки. Статьи. Речи; _gТ. 6 (1932; 402 с.: [5] л. ил.) : _tПисьма; _gТ. 7 (1932; 343 с.: портр.; [5] л. ил.) : _tПисьма |
| 653 | 0 | _aРусская литература | |
| 090 | _c321496 | ||
| 999 |
_c319761 _d319761 |
||